00514nam a2200181 a 4500001001300000003000900013005001700022008004100039020002200080082001500102100002100117245006000138260004700198300000900245500003500254650002200289700002100311nice12345678IN_TiNIC20260116014459.0070306s2004 newa grp 000 0 eng  a817649674X c9900a651.3bMAN aManning, Marilyn aOffice ManagementbProductivity and Effectiveness Guide aNew Delhi bViva Books, 3rd Edition c2004 a102p aincludes index and biblioraphy aOffice Management1 aManning, Marilyn